000 00407nam a2200169Ia 4500
003 LK-CoDNM
008 010623t1970 xxu||||| |||| 00| 1 eng d
040 _aLK-CoDNM
_dLK-CoDNM
_eLK-CoDNM
041 _aeng
080 _aT 22
245 _aThe Times of Ceylon annual,1970
260 _bTimes of Ceylon
_aColombo
_c1970
300 _bill,pl., 29 cm
650 _aGalle
650 _aHatton
942 _cBK
999 _c108156
_d108156